000
00279nam a2200097Ia 4500
082
_a
153 KAWA
245
0
_a
Train your brain more : 60 days to a better brain
100
_a
KAWASHIMA, Ryuta London, 2009
_9
95368
942
_c
BK
008
210817s9999 xx 000 0 und d
999
_c
395558
_d
395557